Mastering the requirements process : (Record no. 355799)
[ view plain ]
| 000 -LEADER | |
|---|---|
| fixed length control field | 01732cam a22003254a 4500 |
| 001 - CONTROL NUMBER | |
| control field | 17356145 |
| 003 - CONTROL NUMBER IDENTIFIER | |
| control field | USPCAS-E |
| 005 - DATE AND TIME OF LATEST TRANSACTION | |
| control field | 20180118181414.0 |
| 008 - FIXED-LENGTH DATA ELEMENTS--GENERAL INFORMATION | |
| fixed length control field | 120621s2013 njua b 001 0 eng |
| 010 ## - LIBRARY OF CONGRESS CONTROL NUMBER | |
| LC control number | 2012018961 |
| 020 ## - INTERNATIONAL STANDARD BOOK NUMBER | |
| International Standard Book Number | 9780321815743 (hardcover : alk. paper) |
| 040 ## - CATALOGING SOURCE | |
| Original cataloging agency | DLC |
| Transcribing agency | DLC |
| Modifying agency | DLC |
| 042 ## - AUTHENTICATION CODE | |
| Authentication code | pcc |
| 050 00 - LIBRARY OF CONGRESS CALL NUMBER | |
| Classification number | TA190 |
| Item number | .R48 2013 |
| 082 00 - DEWEY DECIMAL CLASSIFICATION NUMBER | |
| Classification number | 005.10684 |
| Edition number | 23 |
| Author Mark | ROB-M 2013 |
| 100 1# - MAIN ENTRY--PERSONAL NAME | |
| Personal name | Robertson, Suzanne. |
| 245 10 - TITLE STATEMENT | |
| Title | Mastering the requirements process : |
| Remainder of title | getting requirements right / |
| Statement of responsibility, etc. | Suzanne Robertson, James Robertson. |
| 250 ## - EDITION STATEMENT | |
| Edition statement | 3rd ed. |
| 260 ## - PUBLICATION, DISTRIBUTION, ETC. | |
| Place of publication, distribution, etc. | Upper Saddle River, NJ : |
| Name of publisher, distributor, etc. | Addison-Wesley, |
| Date of publication, distribution, etc. | c2013. |
| 300 ## - PHYSICAL DESCRIPTION | |
| Extent | xxvi, 541 p. : |
| Other physical details | ill. ; |
| Dimensions | 25 cm. |
| 502 ## - DISSERTATION NOTE | |
| Dissertation note | 0 |
| 504 ## - BIBLIOGRAPHY, ETC. NOTE | |
| Bibliography, etc. note | Includes bibliographical references and index. |
| 505 0# - FORMATTED CONTENTS NOTE | |
| Formatted contents note | Some fundamental truths -- The requirements process -- Scoping the business problem -- Business use cases -- Investigating the work -- Scenarios -- Understanding the real problem -- Starting the solution -- Strategies for today's business analyst -- Functional requirements -- Non-functional requirements -- Fit criteria and rationale -- The quality gateway -- Requirements and iterative development -- Reusing requirements -- Communicating the requirements -- Requirements completeness -- Volere requirements specification template -- Stakeholder management templates -- Function point counting : a simplified -- Requirements knowledge model. |
| 650 #0 - SUBJECT ADDED ENTRY--TOPICAL TERM | |
| Topical term or geographic name entry element | Project management. |
| 650 #0 - SUBJECT ADDED ENTRY--TOPICAL TERM | |
| Topical term or geographic name entry element | Computer software |
| General subdivision | Development. |
| 700 1# - ADDED ENTRY--PERSONAL NAME | |
| Personal name | Robertson, James, |
| Dates associated with a name | 1944- |
| 906 ## - LOCAL DATA ELEMENT F, LDF (RLIN) | |
| a | 7 |
| b | cbc |
| c | orignew |
| d | 1 |
| e | ecip |
| f | 20 |
| g | y-gencatlg |
| 942 ## - ADDED ENTRY ELEMENTS (KOHA) | |
| Source of classification or shelving scheme | |
| Koha item type | Book |
| Withdrawn status | Lost status | Source of classification or shelving scheme | Damaged status | Not for loan | Collection code | Permanent Location | Current Location | Shelving location | Date acquired | Source of acquisition | Cost, normal purchase price | Total Checkouts | Full call number | Barcode | Date last seen | Price effective from | Koha item type |
|---|---|---|---|---|---|---|---|---|---|---|---|---|---|---|---|---|---|
| US-Pakistan Center for Advanced Studies in Energy (USPCAS-E) | US-Pakistan Center for Advanced Studies in Energy (USPCAS-E) | 12/22/2015 | Progressive | 7392.00 | 005.10684 ROB-M 2013 | CAS-E0001023 | 12/22/2015 | 12/22/2015 | Book |
